[Event "Omsk-ch"]
[Site "Omsk"]
[Date "2015.02.25"]
[Round "9"]
[White "Petrenko, Mikhail"]
[Black "Yaitskiy, Valeriy"]
[Result "0-1"]
[WhiteElo "1821"]
[BlackElo "2014"]
[PlyCount "120"]
[EventDate "2015.02.16"]
[EventType "swiss"]
[EventRounds "9"]
[EventCountry "RUS"]
[SourceTitle "CBM 165 Extra"]
[Source "ChessBase"]
[SourceDate "2015.04.21"]
[SourceVersion "1"]
[SourceVersionDate "2015.04.21"]
[SourceQuality "1"]

1. e4 g6 2. d4 Bg7 3. Nc3 d6 4. f4 c5 5. Nf3 Bg4 6. Be3 Bxf3 7. gxf3 Nc6 8. Bb5 Qa5 9. Qd2 Qb4 10. 0-0-0 cxd4 11. Bxd4 Bxd4 12. Qxd4 Qxd4 13. Rxd4 a6 14. Bxc6+ bxc6 15. Rc4 Kd7 16. Rb4 Kc7 17. e5 d5 18. Na4 Nh6 19. Nc5 Rhb8 20. Rxb8 Kxb8 21. Rd1 Kc7 22. Rd3 Nf5 23. Kd2 Ng7 24. Rb3 Ra7 25. Ra3 Ne6 26. Rxa6 Rxa6 27. Nxa6+ Kb6 28. Nb4 Kb5 29. c3 Nd8 30. b3 e6 31. a4+ Kb6 32. Nd3 c5 33. Nf2 Ka5 34. Nd3 Nb7 35. Ke3 h5 36. Nxc5 Nxc5 37. b4+ Kxa4 38. bxc5 Ka5 39. Kd4 h4 40. c4 dxc4 41. Kxc4 h3 42. Kc3 Kb5 43. Kd4 Ka6 44. c6 Kb6 45. Ke3 Kxc6 46. Kf2 Kd5 47. Kg3 Kd4 48. Kxh3 Ke3 49. Kg3 Ke2 50. h4 Ke3 51. Kg4 Ke2 52. Kg5 Kxf3 53. Kf6 Kxf4 54. Kxf7 Kf5 55. Kg7 g5 56. h5 g4 57. h6 g3 58. h7 g2 59. h8Q g1Q+ 60. Kf8 Qc5+ 0-1

[Event "Omsk-ch"]
[Site "Omsk"]
[Date "2015.02.21"]
[Round "6"]
[White "Yaitskiy, Valeriy"]
[Black "Chagochkin, Valeriy"]
[Result "0-1"]
[WhiteElo "2014"]
[BlackElo "2135"]
[PlyCount "59"]
[EventDate "2015.02.16"]
[EventType "swiss"]
[EventRounds "9"]
[EventCountry "RUS"]
[SourceTitle "CBM 165 Extra"]
[Source "ChessBase"]
[SourceDate "2015.04.21"]
[SourceVersion "1"]
[SourceVersionDate "2015.04.21"]
[SourceQuality "1"]

1. e4 c5 2. Nf3 Nc6 3. d4 cxd4 4. Nxd4 e5 5. Ne2 Bc5 6. Ng3 Qb6 7. Qd2 Nf6 8. Bc4 Bb4 9. c3 Be7 10. 0-0 0-0 11. Qc2 d6 12. Be3 Qc7 13. Na3 a6 14. Rad1 b5 15. Be2 Be6 16. h3 Rac8 17. Qb1 d5 18. exd5 Nxd5 19. Nc2 f5 20. Bd2 e4 21. Ne3 Nxe3 22. Bxe3 f4 23. Qxe4 Bxa2 24. Ra1 fxe3 25. Nf5 exf2+ 26. Kh1 Bb3 27. Rxa6 Bc5 28. Bxb5 Ne5 29. c4 Rcd8 30. g4 0-1

[Event "Omsk op 06"]
[Site "Omsk"]
[Date "2014.06.24"]
[Round "4"]
[White "Yaitskiy, Valeriy"]
[Black "Konin, Sergey"]
[Result "1/2-1/2"]
[WhiteElo "2000"]
[BlackElo "1944"]
[PlyCount "30"]
[EventDate "2014.06.20"]
[EventType "swiss"]
[EventRounds "9"]
[EventCountry "RUS"]
[SourceTitle "EXT 2016"]
[Source "ChessBase"]
[SourceDate "2015.10.08"]
[SourceVersion "1"]
[SourceVersionDate "2015.10.08"]
[SourceQuality "1"]

1. e4 c6 2. d4 d5 3. Nc3 dxe4 4. Nxe4 Nf6 5. Nxf6+ gxf6 6. Nf3 Bg4 7. g3 h5 8. Bg2 e6 9. 0-0 Nd7 10. Re1 Qc7 11. a3 0-0-0 12. Be3 Bh6 13. Bxh6 Rxh6 14. Qe2 Rg8 15. Rad1 Kb8 1/2-1/2

[Event "Omsk op 12"]
[Site "Omsk"]
[Date "2013.12.08"]
[Round "6"]
[White "Yaitskiy, Valeriy"]
[Black "Krivoshapko, Alexander"]
[Result "0-1"]
[WhiteElo "1979"]
[BlackElo "2009"]
[PlyCount "28"]
[EventDate "2013.12.01"]
[EventType "swiss"]
[EventRounds "9"]
[EventCountry "RUS"]
[SourceTitle "EXT 2016"]
[Source "ChessBase"]
[SourceDate "2015.10.08"]
[SourceVersion "1"]
[SourceVersionDate "2015.10.08"]
[SourceQuality "1"]

1. e4 d5 2. exd5 Qxd5 3. Nc3 Qa5 4. d4 Nf6 5. Nf3 c6 6. h3 Bf5 7. g4 Bg6 8. Ne5 e6 9. Bg2 Nbd7 10. Nc4 Qc7 11. a4 Bb4 12. Bd2 0-0 13. h4 h5 14. g5 Nd5 0-1

[Event "Omsk op"]
[Site "Omsk"]
[Date "2013.09.13"]
[Round "4"]
[White "Yaitskiy, Valeriy"]
[Black "Sosunov, Sergey"]
[Result "1-0"]
[WhiteElo "1970"]
[BlackElo "1671"]
[PlyCount "23"]
[EventDate "2013.09.10"]
[EventType "swiss"]
[EventRounds "9"]
[EventCountry "RUS"]
[SourceTitle "CBM 156 Extra"]
[Source "ChessBase"]
[SourceDate "2013.10.22"]
[SourceVersion "1"]
[SourceVersionDate "2013.10.22"]
[SourceQuality "1"]

1. e4 e5 2. f4 exf4 3. Nf3 d5 4. exd5 Qxd5 5. d4 Bd6 6. c4 Bb4+ 7. Nc3 Bxc3+ 8. bxc3 Qe4+ 9. Kf2 Bg4 10. Bd3 Qe7 11. Re1 Be6 12. d5 1-0

[Event "Omsk Summer op"]
[Site "Omsk"]
[Date "2013.06.16"]
[Round "9"]
[White "Yaitskiy, Valeriy"]
[Black "Osipov, Yury"]
[Result "1-0"]
[WhiteElo "1993"]
[BlackElo "1646"]
[PlyCount "93"]
[EventDate "2013.06.08"]
[EventType "swiss"]
[EventRounds "9"]
[EventCountry "RUS"]
[SourceTitle "EXT 2014"]
[Source "ChessBase"]
[SourceDate "2013.11.20"]
[SourceVersion "1"]
[SourceVersionDate "2013.11.20"]
[SourceQuality "1"]

1. e4 e5 2. f4 d5 3. exd5 e4 4. d4 Nf6 5. c4 Bf5 6. Nc3 Be7 7. Nge2 0-0 8. Ng3 Bg6 9. f5 Bxf5 10. Nxf5 Nbd7 11. Be2 Nb6 12. 0-0 Re8 13. Nxe7+ Qxe7 14. Bg5 Nbd7 15. c5 Rad8 16. c6 bxc6 17. dxc6 Nb6 18. Bxf6 gxf6 19. Bh5 Qe6 20. Qg4+ Qxg4 21. Bxg4 e3 22. Ne2 Rd6 23. Rac1 Nd5 24. Rc5 Ne7 25. Bd7 Rb8 26. b3 Nd5 27. Rf3 a6 28. Nc3 Nxc3 29. Rxc3 Rxd4 30. Rg3+ Kf8 31. Rcxe3 Rd2 32. Rgf3 Kg7 33. Rf2 Rd1+ 34. Rf1 Rd2 35. Rg3+ Kf8 36. Rxf6 Ke7 37. Rf2 Rd1+ 38. Rf1 Rd2 39. Rgf3 Rf8 40. R3f2 Rd5 41. Re1+ Kd6 42. Rf6+ Kc5 43. Ref1 Rd2 44. Rxf7 Rxf7 45. Rxf7 Rxa2 46. Be8 Kb6 47. Rxh7 1-0

[Event "Omsk Summer op"]
[Site "Omsk"]
[Date "2013.06.09"]
[Round "2"]
[White "Yaitskiy, Valeriy"]
[Black "Sosunov, Sergey"]
[Result "1-0"]
[WhiteElo "1993"]
[BlackElo "1693"]
[PlyCount "33"]
[EventDate "2013.06.08"]
[EventType "swiss"]
[EventRounds "9"]
[EventCountry "RUS"]
[SourceTitle "EXT 2014"]
[Source "ChessBase"]
[SourceDate "2013.11.20"]
[SourceVersion "1"]
[SourceVersionDate "2013.11.20"]
[SourceQuality "1"]

1. e4 e5 2. f4 d5 3. exd5 Qxd5 4. Qe2 Bd6 5. d4 Qxd4 6. Nf3 Qb4+ 7. Nc3 e4 8. a3 Qb6 9. Nxe4 Ne7 10. Be3 Qa5+ 11. Bd2 Qb6 12. c4 0-0 13. b4 c5 14. Be3 Nd7 15. Rd1 Bc7 16. bxc5 Nxc5 17. Bxc5 1-0

[Event "Omsk-ch"]
[Site "Omsk"]
[Date "2013.02.12"]
[Round "4"]
[White "Yaitskiy, Valeriy"]
[Black "Adamson, Konstantin"]
[Result "0-1"]
[WhiteElo "1993"]
[BlackElo "2214"]
[PlyCount "30"]
[EventDate "2013.02.09"]
[EventType "swiss"]
[EventRounds "9"]
[EventCountry "RUS"]
[SourceTitle "CBM 153 Extra"]
[Source "ChessBase"]
[SourceDate "2013.04.22"]
[SourceVersion "1"]
[SourceVersionDate "2013.04.22"]
[SourceQuality "1"]

1. e4 c5 2. Nf3 a6 3. d4 cxd4 4. Nxd4 Nf6 5. Bd3 e5 6. Nb3 d5 7. Bg5 dxe4 8. Bxf6 gxf6 9. Bxe4 Qxd1+ 10. Kxd1 Nc6 11. Nc3 Bg4+ 12. Kc1 0-0-0 13. h3 Bh6+ 14. Kb1 Bf3 15. Bxf3 Nd4 0-1